00177nam a2200073Ia 4500008004100000100001600041245002500057260002100082170817s9999 xx 000 0 und d aSHARMA RAMA 0aGRAH VIGYAN SHIKSHAN bGOEL PUB. JAIPUR